| 000 | 00924nas a2200301 4500 | ||
|---|---|---|---|
| 001 | BR0400182 | ||
| 003 | BR-BrBNA | ||
| 005 | 20231205104258.0 | ||
| 007 | ta | ||
| 008 | 230509b bl.|||p| |||| 00| 00por d | ||
| 040 |
_aBR-BrBNA _bpor _cBiblioteca Nacional de Agricultura |
||
| 041 | _a(Pt) | ||
| 072 | _aL53 | ||
| 100 | 1 | _aMeneghetti, M. | |
| 100 | 1 | _aGarcia, W.R. | |
| 100 | 1 | _aVasconcelos, J.L.M. | |
| 100 | 1 | _aSilva, E.P.B.C. | |
| 100 | 1 | _aMarquezini, G.H.I. | |
| 100 | 1 | _aPerez, M.C. | |
| 245 | 1 | _aProtocolos de sincronização em vacas mestiças em lactação manejadas em sistema de pastejo | |
| 650 | _aGADO LEITEIRO | ||
| 650 | _aVACA | ||
| 650 | _aSINCRONIZAÇÃO DO CIO | ||
| 650 | _aPASTEJO | ||
| 773 | 0 |
_tRevista Brasileira de Reprodução Animal (Brazil) _xISSN 0102-0803 _g(Jul-Sep 2003), v. 27(3) p. 439-440 _wBR0400182 |
|
| 909 |
_a202311 _bLúcia _c55 _dLúcia Elande |
||
| 942 |
_2AGRIS _n0 _cANA |
||
| 999 |
_c177327 _d177327 |
||